000 00857nam a22002297a 4500
999 _c15926
_d15926
003 AR-CdUCM
008 190430b ||||| |||| 00| 0 spa d
020 _a958-04-0270-1
040 _aMUNICIPALIDAD PROVINCIAL DEL CUSCO
_cBIBLIOTECA MUNICIPAL DEL CUSCO
082 _aEP / 800 /
_bV52
100 _aVermont, Charles Henry
_935164
245 _aLos animales salvajes :
_brespuesta a los "¿por qué?" de los niños /
260 _aColombia :
_bNorma,
_c1986.
300 _a60 paginas ;
_bIlustraciones
_c21 cm.
505 _aContenido : ¿Donde viven? -- ¿Como son? -- ¿Como duermen los peces? -- ¿Como comen? -- ¿Como viven?...
650 _aAnimales de tierra
_935165
650 _aAnimales de mar
_933095
650 _aInsectos
_919562
700 _aCaballero, Beatriz (Traducción)
_935163
942 _2ddc
_cLIBROS
945 _awnts
_d2019-04-30